Obras selectas.
Uloženo v:
| Hlavní autor: | |
|---|---|
| Médium: | Kniha |
| Jazyk: | španělština francouzština |
| Vydáno: |
Madrid :
Biblioteca de Autores Cristianos (BAC),
2002.
|
| Edice: | Normal (Biblioteca de Autores Cristianos (BAC)) ;
623-640. |
| Témata: | |
| Tagy: |
Žádné tagy, Buďte první, kdo vytvoří štítek k tomuto záznamu!
|
MARC
| LEADER | 00000nam a2200000 4500 | ||
|---|---|---|---|
| 001 | 20221110132602 | ||
| 003 | BR-CrsFAEV | ||
| 005 | 20231003113827.0 | ||
| 008 | 221110t2002||||sp o||||||||||||1 e|spa|d | ||
| 020 | |a 8479145471 (Obra Completa) | ||
| 020 | |a 9788479145477 (Obra Completa) | ||
| 020 | |a 8479145420 |q vol.01 | ||
| 020 | |a 9788479145422 |q vol.01 | ||
| 020 | |a 8479146842 |q vol.02 | ||
| 020 | |a 9788479146849 |q vol.02 | ||
| 040 | |a BR-CrsFAEV |c BR-CrsFAEV |b por | ||
| 041 | 1 | |a sap |h fre | |
| 080 | 0 | |2 1997 |a 1(081) |b M3311*2o=134.2*v. | |
| 100 | 1 | |9 335 |a Marcel, Gabriel, |d 1889-1973 | |
| 245 | 1 | 0 | |a Obras selectas. |
| 260 | |a Madrid : |b Biblioteca de Autores Cristianos (BAC), |c 2002. | ||
| 300 | |a 2 vols. : |b fot. ; |c 20 cm. | ||
| 338 | |2 rdacarrier |a volumes |b nc | ||
| 490 | 1 | |a Normal ; |v 623-640. | |
| 505 | 0 | |a vol.01 : El misterio del ser ; El dardo ; La sed ; La señal de la cruz. 2002 - xxix, 608 p. | |
| 505 | 0 | |a vol.02 : De la negación a la invocación ; El mundo roto ; Un hombre de Dios ; El camino de Creta. 2004 - xxii, 564 p. | |
| 520 | 3 | |a Gabriel Marcel (1889-1973), filósofo y dramaturgo francés, destaca por su conquista de un concepto cada vez más hondo de la «existencia», entendida como encarnación y participación. Su pensamiento está muy influido por el cristianismo, al que se convirtió, del judaísmo, en 1929. Los dos volúmenes que comprende esta edición reúnen algunas de sus obras más importantes, tanto en el campo filosófico como en el teatral. El misterio del ser (1951), que recoge en dos series veinte lecciones pronunciadas entre 1949 y 1950, ha sido complementado con unos anexos de documentos inéditos y abundantes notas elaboradas por Jeanne Parain-Vial (la discípula por excelencia) y Mario Parajón, traductor y preparador de la edición. La selección de las piezas teatrales (El dardo, La sed y La señal de la cruz) pone de manifiesto la estrecha relación que existe entre el pensamiento de Marcel y su obra dramática. | |
| 546 | |a Texto em espanhol, traduzido do francês. | ||
| 650 | 4 | |9 1010 |a Filosofia. | |
| 650 | 4 | |9 9691 |a Literatura filosófica. | |
| 650 | 4 | |9 12215 |a Filosofia contemporânea. | |
| 650 | 4 | |9 469 |a Existencialismo. | |
| 650 | 4 | |9 58 |a Antropologia. | |
| 650 | 4 | |9 9843 |a Metafísica. | |
| 650 | 4 | |9 2270 |a Metafísica teológica. | |
| 650 | 4 | |9 261 |a Espiritualidade. | |
| 830 | 0 | |9 1121 |a Normal (Biblioteca de Autores Cristianos (BAC)) ; |v 623-640. | |
| 942 | |2 udc |c BK | ||
| 952 | |0 0 |1 0 |2 udc |4 0 |6 1081_M33112O1342V1 |7 0 |9 28520 |a SBT |b SBT |c GEN |d 2022-11-10 |h 2002 - xxix, 608 p. |l 0 |o 1(081) M3311*2o=134.2*v.1 |p 14492 |r 2022-11-10 00:00:00 |t vol.01 (ex.01) |w 2022-11-10 |y BK | ||
| 952 | |0 0 |1 0 |2 udc |4 0 |6 1081_M33112O1342V2 |7 0 |9 28521 |a SBT |b SBT |c GEN |d 2022-11-10 |h 2004 - xxii, 564 p. |l 0 |o 1(081) M3311*2o=134.2*v.2 |p 14493 |r 2022-11-10 00:00:00 |t vol.02 (ex.01) |w 2022-11-10 |y BK | ||
| 999 | |c 23965 |d 23965 | ||